书目信息 |
| 题名: |
中国长笛独奏曲集
|
|
| 作者: | 张志华 编 | |
| 分册: | 一 钢琴伴奏谱 | |
| 出版信息: | 北京 人民音乐出版社 2003 |
|
| 页数: | 52页 | |
| 开本: | 30cm | |
| 丛书名: | ||
| 单 册: | ||
| 中图分类: | J647.11 | |
| 科图分类: | ||
| 主题词: | 长笛--独奏曲--中国--选集 , 长笛 , 独奏曲 | |
| 电子资源: | ||
| ISBN: | 7-103-02610-6 | |
| 000 | 00799ncm0 2200253 450 | |
| 001 | 002490396 | |
| 005 | 20070806172955.00 | |
| 010 | @a7-103-02610-6@dCNY35.80(含分谱) | |
| 100 | @a20031031d2003 em y0chiy0110 ea | |
| 101 | 0 | @achi |
| 102 | @aCN@b110000 | |
| 105 | @ag z 000yy | |
| 200 | 1 | @a中国长笛独奏曲集@9zhong guo chang di du zou qu ji@h一@i钢琴伴奏谱@i长笛分谱@f张志华编 |
| 210 | @a北京@c人民音乐出版社@d2003 | |
| 215 | @a52页@d30cm | |
| 512 | 1 | @a中国长笛独奏曲集@9zhong guo chang di du zou qu ji@h一@i长笛分谱及钢琴伴奏谱 |
| 517 | 1 | @a长笛分谱@Achang di fen pu |
| 606 | 0 | @a长笛@x独奏曲@y中国@j选集 |
| 606 | 0 | @a长笛 |
| 606 | 0 | @a独奏曲 |
| 690 | @aJ647.11@v4 | |
| 701 | 0 | @a张志华@9zhang zhi hua@c(音乐)@4编 |
| 801 | 0 | @aCN@bNLC@c20070806 |
| 905 | @a10447@dJ647.11@e127:1(2) | |
| 中国长笛独奏曲集.一.钢琴伴奏谱.长笛分谱/张志华编.-北京:人民音乐出版社,2003 |
| 52页;30cm |
| ISBN 7-103-02610-6:CNY35.80(含分谱) |
| ● |
| 相关链接 |
|
|
|
|
正题名:中国长笛独奏曲集
索取号:J647.11/127:1(2)
 
预约/预借
| 序号 | 登录号 | 条形码 | 馆藏地/架位号 | 状态 | 备注 |
| 1 | 0809617 | 208096175 | 第一样本阅览室/ [索取号:J647.11/127:1(2)] | 在馆 | |
| 2 | 0809618 | 208096184 | 第一借阅区/ [索取号:J647.11/127:1(2)] | 在馆 | |
| 3 | 0809619 | 208096193 | 第一借阅区/ [索取号:J647.11/127:1(2)] | 在馆 | |
| 4 | 0809620 | 208096200 | 第一借阅区/ [索取号:J647.11/127:1(2)] | 在馆 | |
| 5 | 0809621 | 208096219 | 音乐系资料室/ [索取号:J647.11/127:1(2)] | 在馆 |